000 01480nam a2200289 i 4500
003 OSt
005 20200707035630.0
008 200618t20142014nyuo gr 000 0 eng d
020 _a9781419711688
_cRM 33.80
_qpaperback.
040 _aPPAK
_cPPAK
_beng
_erda
082 0 4 _a746.92
_223
090 0 0 _a746.92
_bFAS
_dG
245 1 0 _aFashion is... /
_cTHE METROPOLITAN MUSEUM OF ART.
264 1 _aNew York, N.Y. :
_b Abrams,
_c2014
264 4 _c©2014
300 _a1 volume (unpaged) :
_bphotographs (some color) ;
_c17 cm
336 _2rdacontent
_atext
336 _2rdacontent
_astill image
337 _2rdamedia
_aunmediated
338 _2rdacarrier
_avolume
520 _aThis book encourages readers to think about the myriad definitions of fashion. A Dior day suit. An Yves Saint Laurent minidress. A Japanese kimono. A Ferragamo shoe. A British court ensemble. A Schiaparelli hat. Fashion is glamour and attitude, texture and pattern, sexy and prim, luxurious and eccentric. It is above all a rich and evocative means of expression for both the designer and the wearer. Gathered here are costumes, regional dress, haute couture, and accessories from prehistory to the present, as well as paintings, sculpture, and decorative arts relating to modes of dress.
610 2 _aMetropolitan Museum of Art (New York, N.Y.)
_xCatalogues.
650 0 _aFashion
_xPictorial works
650 2 0 _aFashion
_xHistory
700 1 0 _aWesson, Tim,
_eillustrator.
942 _2ddc
_cB
999 _c177765
_d177765